| 000 | 00463pab a2200133 454500 | ||
|---|---|---|---|
| 008 | 180718b xxu||||| |||| 00| 0 eng d | ||
| 100 | _aReid Margaret F. | ||
| 245 | _aInstitutional preconditions of privatization in market based political economies: implications for Jordan | ||
| 362 | _a14(1), Feb 1994, p.65-77 | ||
| 650 | _a Government Ownership -- Jordan | ||
| 650 | _aPrivatisation -- Jordan | ||
| 773 | _aPublic Administration and Development | ||
| 909 | _a26962 | ||
| 999 |
_c26962 _d26962 |
||